• 首页
  • 本馆介绍
  • 公告通知
  • 最新文献
  • 馆藏检索
  • 电子资源
  • 读者导购
  • 参考咨询
  • 我的图书馆
  • 登录
  • 详细信息显示
  • 放入我的书架
  • 预约/预借图书
  • 作者相关作品
  • 分类相关作品
  • 丛书相关作品
  • 出版社相关作品

书目信息

  • 表格格式
  • 工作单格式
  • 卡片格式
题名:
马克思主义哲学简要读本
    
 
作者: ;广东省高等院校《马克思主义哲学简要读本》编写组 编
分册:  
出版信息: 广州   广东人民出版社  1982.06
页数: 284
开本: 19cm
丛书名:
单 册:
中图分类: B0-0
科图分类:
主题词: 马克思主义哲学
电子资源:
ISBN:
000 00748nam0 2200217 45
001 0181024005
005 20060727112349.50
010    @dCNY0.78
091    @a7111.1019
100    @a20810111d km y0chiy0120 ea
101 0  @achi
200 1  @a马克思主义哲学简要读本@AMA KE SI ZHU YI ZHE XUE JIAN YAO DU BEN@f广东省高等院校《马克思主义哲学简要读本》编写组编@FGuang Dong Sheng Gao Deng Yuan Xiao《Ma Ke Si Zhu Yi Zhe Xue Jian Yao DuBen》Bian Xie Zu Bian
205    @a3版@b修订本
210    @a广州@c广东人民出版社@d1982.06
215    @a284@d19cm
300    @a高等学校教材
606 0  @a马克思主义哲学
690    @aB0-0@v3
711 02 @a广东省高等院校《马克思主义哲学简要读本》编写组@4编
801    @aCN@bTSTC@c20060727
905    @dB0-0@f1@b73056@e10
    
    马克思主义哲学简要读本/广东省高等院校《马克思主义哲学简要读本》编写组编.-3版,修订本.-广州:广东人民出版社,1982.06
    284;19cm
    高等学校教材
    
    ISBN :CNY0.78
    
●
相关链接 在E读中查询图书 在五车中查询图书 在当当中查询图书 在豆瓣中查询图书


正题名:马克思主义哲学简要读本     索取号:B0-0/10         预约/预借

序号 登录号 条形码 馆藏地/架位号 状态 备注
1 0073052   001389483   密集书库/ [索取号:B0-0/10] 在馆    
2 0073053   001389526   密集书库/ [索取号:B0-0/10] 在馆    
3 0073055   001600976   密集书库/ [索取号:B0-0/10] 在馆    
4 0073056   001389562   第一样本阅览室/ [索取号:B0-0/10] 在馆    
5 0082445   001600930   密集书库/ [索取号:B0-0/10] 在馆    
6 0439988   204399882   密集书库/ [索取号:B0-0/10] 在馆    
唐山师范学院图书馆 欢迎您!
大连网信软件有限公司© 版权所有